Laboratory techniques in Biochemistry and Molecular biology / (Record no. 72499)
[ view plain ]
| 000 -LEADER | |
|---|---|
| fixed length control field | 00805nam a2200265 a 4500 |
| 001 - CONTROL NUMBER | |
| control field | 72499 |
| 003 - CONTROL NUMBER IDENTIFIER | |
| rucl marc code | BD-RjUL |
| 005 - DATE AND TIME OF LATEST TRANSACTION | |
| control field | 20211209082252.0 |
| 008 - FIXED-LENGTH DATA ELEMENTS--GENERAL INFORMATION | |
| fixed length control field | 170520r1974 nyua||| s|||| 001|0|eng d |
| 020 ## - INTERNATIONAL STANDARD BOOK NUMBER | |
| International Standard Book Number | 0444100903 |
| 035 ## - SYSTEM CONTROL NUMBER | |
| System control number | (BD-RjUL)72717 |
| 040 ## - CATALOGING SOURCE | |
| Original cataloging agency | DNLM |
| Transcribing agency | DNLM |
| Modifying agency | BD-RjUL |
| Language of cataloging | eng |
| 041 ## - LANGUAGE CODE | |
| Language code of text/sound track or separate title | eng |
| 082 04 - DEWEY DECIMAL CLASSIFICATION NUMBER | |
| Edition number | 23 |
| Classification number | 571.638 |
| Author mark and year | LAB 1974 |
| 245 10 - TITLE STATEMENT | |
| Title | Laboratory techniques in Biochemistry and Molecular biology / |
| Statement of responsibility, etc. | Edited by T. S. Work and E. Work |
| 250 ## - EDITION STATEMENT | |
| Edition statement | 1st ed. |
| 260 ## - PUBLICATION, DISTRIBUTION, ETC. (IMPRINT) | |
| Place of publication, distribution, etc. | New Yourk : |
| Name of publisher, distributor, etc. | North-Holland Pub. Co., |
| Date of publication, distribution, etc. | c1969 [reprinted 1974] |
| 300 ## - PHYSICAL DESCRIPTION | |
| Pagination | V. : |
| Illustrations | ill. ; |
| Size | 20 cm. |
| 504 ## - BIBLIOGRAPHY, ETC. NOTE | |
| Bibliography, etc | Includes Bibliographical References and Index |
| 505 0# - FORMATTED CONTENTS NOTE | |
| Formatted contents note | V. 1 -- |
| 650 ## - SUBJECT ADDED ENTRY--TOPICAL TERM | |
| Topical term or geographic name as entry element | Cell Culture |
| 9 (RLIN) | 170602 |
| 700 1# - ADDED ENTRY--PERSONAL NAME | |
| Personal name | Work, T. S. , ed. |
| Personal name | Work, E. |
| 942 ## - ADDED ENTRY ELEMENTS (KOHA) | |
| Source of classification or shelving scheme | Dewey Decimal Classification |
| Koha item type | Books |
| Lost status | Source of classification or shelving scheme | Damaged status | Not for loan | Collection code | Permanent Location | Current Location | Shelving location | Date acquired | Source of acquisition | Cost, normal purchase price | Total Checkouts | Full call number | Date last seen | Copy number | Koha item type |
|---|---|---|---|---|---|---|---|---|---|---|---|---|---|---|---|
| Dewey Decimal Classification | Not For Loan | Non-fiction | Central Library, University of Rajshahi | Central Library, University of Rajshahi | Reading Room | 06/09/1979 | Netherland | 0.00 | 571.638 LAB V-1 1974 | 20/05/2017 | C-1 | Books | |||
| Dewey Decimal Classification | Non-fiction | Central Library, University of Rajshahi | Central Library, University of Rajshahi | 06/09/1979 | Netherland | 5.10 | 571.638 LAB V-1 1974 | 20/05/2017 | C-2 | Books | |||||
| Dewey Decimal Classification | Non-fiction | Central Library, University of Rajshahi | Central Library, University of Rajshahi | 06/09/1979 | Netherland | 5.10 | 571.638 LAB V-1 1974 | 20/05/2017 | C-3 | Books |